Granada CF Squad 2023-2024 - Statistics

General Stats
  • This quiz has been taken 137 times
    51 since last reset
  • The average score is 21 of 37
Answer Stats
# Position Nation Player % Correct
11 FW Albania Myrto Uzuni
92%
15 DF Spain Carlos Neva
76%
19 FW Uruguay Facundo Pellistri
76%
13 GK Spain Marc Martínez
72%
13 GK Portugal André Ferreira
68%
10 FW Spain Antonio Puertas
68%
25 GK Argentina Augusto Batalla
68%
14 DF Spain Ignasi Miquel
68%
7 FW Argentina Lucas Boyé
68%
- Coach Spain Paco López
68%
26 FW Spain Bryan Zaragoza
64%
9 FW Spain José Callejón
64%
20 MF Spain Sergio Ruiz
64%
17 FW Israel Shon Weissman
64%
24 MF Spain Gonzalo Villar
60%
18 FW Poland Kamil Jóźwiak
60%
6 MF Cameroon Martin Hongla
60%
4 DF Spain Miguel Rubio
60%
1 GK Spain Raúl Fernández
60%
28 DF Spain Raúl Torrente
60%
12 DF Spain Ricard Sánchez
60%
17 FW Canada Theo Corbeanu
60%
8 FW Uruguay Matías Arezo
56%
- Coach Uruguay Alexander Medina
52%
2 DF Uruguay Bruno Méndez
52%
- Coach Spain José Ramón Sandoval
52%
22 DF Poland Kamil Piątkowski
52%
23 MF Spain Gerard Gumbau
48%
18 MF Serbia Njegoš Petrović
44%
3 DF Portugal Wilson Manafá
44%
3 DF France Faitout Maouassa
40%
19 FW Senegal Famara Diédhiou
40%
21 MF Spain Óscar Melendo
40%
16 DF Spain Víctor Díaz
40%
33 DF Spain Álvaro Carreras
36%
22 FW Spain Alberto Perea
32%
5 DF Spain Jesús Vallejo
28%
No matching quizzes found
Score Distribution
Percent of People with Each Score
Percentile by Number Answered
Your Score History
You have not taken this quiz since the last reset